| 000 | 00507nam a2200181Ia 4500 | ||
|---|---|---|---|
| 999 |
_c22184 _d50182 |
||
| 005 | 20180625051535.0 | ||
| 020 | _a 2-03-575131-4 | ||
| 037 | _aBC_679 18 | ||
| 040 |
_aBC-ENSA _bfre |
||
| 041 | _afre | ||
| 100 |
_aGARNIER, Lisa _920988 |
||
| 245 | _aPetit atlas des plantes cultivées | ||
| 260 |
_bLarousse _aMontréal _c2004 |
||
| 300 |
_bill. en coul. _a128 p. _c19 cm |
||
| 562 | _e01 exemplaire(s) | ||
| 942 | _c09 | ||
| 653 | _aPLANTE DE CULTURE/DOMESTICATION/ALIMENTATION/LÉGUME/FRUIT | ||